| 000 | 00588nam a22001697a 4500 | ||
|---|---|---|---|
| 003 | OSt | ||
| 005 | 20240619094823.0 | ||
| 008 | 240619b ||||| |||| 00| 0 eng d | ||
| 040 | _cAIMIT LIBRARY | ||
| 100 |
_aD' Souza Chrisel Eva. _e2116043 _9171163 |
||
| 245 |
_aStudy on effectiveness of candidate engagement in interview process with reference to people gamut Mangalore / _cBy Chrisel Eva DSouza Guided by Sumitha Achar. |
||
| 260 |
_aMangalore _c2023 |
||
| 650 |
_aResearch design _9171164 |
||
| 700 |
_aAchar, Sumitha. _eGuide _9171165 |
||
| 856 | _3People Gamut | ||
| 942 |
_2ddc _cPRO |
||
| 999 |
_c231221 _d231221 |
||